Quantum mechanics
Spremljeno u:
| Glavni autor: | |
|---|---|
| Format: | Knjiga |
| Jezik: | engleski |
| Izdano: |
Amsterdam
North Holland
1962
|
| Serija: | Series in Physics
|
| Teme: | |
| Oznake: |
Dodaj oznaku
Bez oznaka, Budi prvi tko označuje ovaj zapis!
|
MARC
| LEADER | 00000nam a2200000 a 4500 | ||
|---|---|---|---|
| 001 | UCH3101 | ||
| 003 | CL-VaPUC | ||
| 008 | 090715e19620000NE |||||||||||||||||eng|d | ||
| 082 | 0 | 4 | |a 530.12 |b TOM |2 21 |
| 100 | 0 | |a Tomonaga, Sin-Itiro |e author |9 538257 | |
| 245 | 1 | 0 | |a Quantum mechanics |
| 300 | |a v | ||
| 942 | |c BK | ||
| 945 | |d 20090715 00:00:00 |a rbrito | ||
| 260 | |a Amsterdam |b North Holland |c 1962 | ||
| 500 | |a v.1: Old quantum theory | ||
| 650 | 0 | |a Mecánica cuántica |9 306806 | |
| 650 | 0 | |a Teoría cuántica |9 266148 | |
| 650 | 0 | |a Energía nuclear |9 255228 | |
| 650 | 0 | |a Átomos |9 259583 | |
| 583 | |a last modification |c 20090715 00:00:00 |k Rodrigo Vera | ||
| 490 | 0 | |a Series in Physics | |
| 999 | |c 334739 |d 334737 | ||
| 952 | |0 0 |1 0 |4 0 |6 530_120000000000000_TOM_1962 |7 0 |8 A |9 423886 |a BIBCUR |b BIBCUR |d 2019-11-22 |h v.1 |i 4543262 |o 530.12 TOM 1962 |p 4543262 |r 2025-04-22 |w 2019-11-22 |y BK |k FIS | ||